000 00853nam a2200265 a 4500
001 66613
003 BD-RjUL
005 20211209081548.0
008 170318s1957 nyu 001 0 eng d
035 _a(BD-RjUL)66743)
040 _aMWR
_cMWR
_beng
_dBD-RjUL
041 _aeng
082 _223
_a519.55
_bGRS 1975
100 1 _aGrenander, Ulf.
_921043
245 1 0 _aStatistical analysis of stationary time series /
_c Ulf Grenander and Murray Rosenblatt
260 _aNew York :
_bAlmqvist & Wiksell ,
_cc1957
300 _a300 p. :
_bill ;
_c24 cm
490 _aWiley publication in mathematical statistics
500 _aIncludes index
650 0 _aTime-series analysis
_9197194
700 1 _aRosenblatt, Murray.
_9197195
740 0 _aStationary time series
830 0 _aWiley publication in mathematical statistics
_9197197
942 _2ddc
_cBK
999 _c66613
_d66613